000 00280nam a2200109Ia 4500
008 220204s9999 xx 000 0 und d
082 _a338.436.32
_bLAP
100 _aLAPPE, F M
245 0 _aFood first:Beyond the myth of scarcity
260 _aBoston
_bHoughton
_c1977
942 _cBK
999 _c28628
_d28628